书目信息 |
| 题名: |
信息服务与图书馆学教育
|
|
| 作者: | 沈固朝 著 | |
| 分册: | ||
| 出版信息: | 北京 国家图书馆出版社 2010.08 |
|
| 页数: | 16,180页 | |
| 开本: | 23cm | |
| 丛书名: | 当代中国图书馆学研究文库 | |
| 单 册: | ||
| 中图分类: | G203-53 , G250-4 | |
| 科图分类: | ||
| 主题词: | 信息管理--文集 , 图书馆学--教育工作--中国--文集 , 信息管理 , 图书馆学 , 教育工作 | |
| 电子资源: | ||
| ISBN: | 978-7-5013-3753-8 | |
| 000 | 01292oam2 2200337 45 | |
| 001 | 512 | |
| 005 | 20120531162212.87 | |
| 010 | @a978-7-5013-3753-8@dCNY62.00 | |
| 100 | @a20120328d2010 em y0chiy0110 ea | |
| 101 | 0 | @achi |
| 102 | @aCN@b110000 | |
| 105 | @ay z 000yy | |
| 106 | @ar | |
| 200 | 1 | @a信息服务与图书馆学教育@AXin Xi Fu Wu Yu Tu Shu Guan Xue Jiao Yu@f沈固朝著@FShen Gu Chao Zhu |
| 210 | @a北京@c国家图书馆出版社@d2010.08 | |
| 215 | @a16,180页@d23cm | |
| 225 | 2 | @a当代中国图书馆学研究文库 |
| 300 | @a国家“十一五”重点图书出版规划项目 本书的出版,得到北京人天书店的经费资助 | |
| 308 | @a丛书第三辑 | |
| 330 | @a本书主要分为两大部分,第一部分“阅读与思考篇”收录了12篇文章,充满了人文的关怀、基础图书馆学的关注,以及先进议题的探讨等。第二部分“探索与实践篇”则收录了11篇着重在信息服务实务及图书馆教育议题的文章,对于信息服务、图书馆教育的新方向与转变提出许多建议及想法等。 | |
| 461 | 0 | @12001 @a当代中国图书馆学研究文库@1701 0@a吴慰慈@4主编 |
| 606 | 0 | @a信息管理@j文集 |
| 606 | 0 | @a图书馆学@x教育工作@y中国@j文集 |
| 606 | 0 | @a信息管理 |
| 606 | 0 | @a图书馆学 |
| 606 | 0 | @a教育工作 |
| 690 | @aG203-53@v4 | |
| 690 | @aG250-4@v4 | |
| 701 | 0 | @a沈固朝@AShen Gu Chao@f(1953~)@4著 |
| 801 | 0 | @aCN@bTSTCL@c20120328 |
| 905 | @b0814766-68@dG203-53@e492@f3 | |
| 信息服务与图书馆学教育/沈固朝著.-北京:国家图书馆出版社,2010.08 |
| 16,180页;23cm.-(当代中国图书馆学研究文库) |
| 国家“十一五”重点图书出版规划项目 本书的出版,得到北京人天书店的经费资助 |
| ISBN 978-7-5013-3753-8:CNY62.00 |
| 本书主要分为两大部分,第一部分“阅读与思考篇”收录了12篇文章,充满了人文的关怀、基础图书馆学的关注,以及先进议题的探讨等。第二部分“探索与实践篇”则收录了11篇着重在信息服务实务及图书馆教育议题的文章,对于信息服务、图书馆教育的新方向与转变提出许多建议及想法等。 |
| ● |
| 相关链接 |
|
|
|
|
正题名:信息服务与图书馆学教育
索取号:G203-53/492
 
预约/预借
| 序号 | 登录号 | 条形码 | 馆藏地/架位号 | 状态 | 备注 |
| 1 | 0814766 | 208147664 | 第四借阅区/ [索取号:G203-53/492] | 在馆 | |
| 2 | 0814767 | 208147673 | 第四借阅区/ [索取号:G203-53/492] | 在馆 | |
| 3 | 0814768 | 208147682 | 第四借阅区/ [索取号:G203-53/492] | 在馆 | |
| 4 | 540584 | 205405845 | 第一样本阅览室/ [索取号:G203-53/492] | 在馆 | |
| 5 | 540585 | 205405854 | 第四借阅区/ [索取号:G203-53/492] | 在馆 |